000 01242cam a2200229 a 4500
003 OSt
005 20210316121025.0
008 971211s19920000ck gr 0 spa d
020 _a9589613748
040 _aCO-BoPUJ
_cCO-JMCR
041 0 _aspa
082 0 4 _a342.861085 /
_bM257d
_223
100 1 _aMadrid - Malo Garizabal, Mario
_eautor
_910219
245 1 0 _aDerechos fundamentales /
_cMario Madrid-Malo Garizabal
260 _aBogotá :
_bEscuela Superior de Administración Pública,
_c1992
300 _a408 páginas ;
_c24 cm.
504 _aBibliografía : páginas 367-377 y índice.
505 0 _aLos derechos humanos en la nueva constitución -- Derecho a la vida -- Derecho a la igualdad -- Derecho a la libertad individual -- Derecho al matrimonio -- Derecho al debido proceso -- Derecho a las libertades de opinión y comunicación -- Derecho a la intimidad, al buen nombre y a la honra -- Derecho a las libertades de conciencia y de religión -- Derecho a las libertades de reunión y asociación -- Derecho al trabajo -- Derecho a la propiedad -- Derecho a la participación política -- Derecho a la paz --
650 2 4 _aDerechos civiles
_zColombia
_98251
650 2 4 _aDerechos fundamentales
_92665
942 _2ddc
_cBK
999 _c15394
_d15394